| 000 | 01007nam a2200301 a 4500 | ||
|---|---|---|---|
| 001 | BRCA_5464 | ||
| 005 | 20190320205105.0 | ||
| 008 | 860220s1906 gw-ac#####---#000-0#ger-# | ||
| 041 | _ager | ||
| 044 | _agw | ||
| 050 | 4 |
_aN6923.B8 _b.M53 1906 |
|
| 245 | 1 | 0 |
_aMichelangelo _bdes meisters werke in 166 abbildungen _cherausgegeben von Fitz Knapp |
| 250 | _a4 | ||
| 260 |
_aStuttgart, Alemania _bDeutsche Verlags-Anstalt _c[1906] |
||
| 300 |
_aL, 189 p. principalmente láminas _bil., láminas, retratos _c26 cm. |
||
| 440 | 0 |
_aKlassiker der Kunst: in gesamtausgaben _v7 _913959 |
|
| 500 | _aEstado físico: Esquinas deterioradas | ||
| 500 | _aIncluye lista cronológica de las obras | ||
| 500 | _aEn 169 ilustraciones | ||
| 500 | _aM44 | ||
| 600 | 1 | 4 |
_aBuonarroti, Michelangelo _d1475-1564 _913960 |
| 650 | 1 | 4 |
_aArtistas italianos _913961 |
| 650 | 1 | 4 |
_aPintores italianos _97654 |
| 650 | 1 | 4 |
_apinturas italianas _912941 |
| 700 | 1 |
_aKnapp, Fritz _f1870-1938 _913962 |
|
| 902 | _aGFM | ||
| 942 |
_2lcc _cB |
||
| 999 |
_c5158 _d5158 |
||